000 00228nam a22000857a 4500
999 _c1128
_d1128
003 OSt
005 20171212161206.0
008 160629b xxu||||| |||| 00| 0 eng d
020 _a9780143031048
040 _cHISTORY
100 _91370
_aPenguin Books
245 _aAn AutoBiography Jawaharlal Nehru
260 _aN.D
_b Penguin
_c2004
942 _2ddc
_cREF